| 000 | 01220nac a22005050a 4500 | ||
|---|---|---|---|
| 001 | PT54385 | ||
| 003 | AR-LpoUNG | ||
| 005 | 20210201005532.0 | ||
| 008 | 201001s1994||||sp |||||||||||||||||spa d | ||
| 020 |
_a8475836690 _c$28 |
||
| 040 |
_aAR-LpoUNG _bspa _eaacr |
||
| 041 | _aspa | ||
| 044 | _asp | ||
| 082 | 0 | _aR909 794cri-v1 | |
| 100 | 1 | _aChadwick, Henry | |
| 245 | 1 | 3 |
_aEl cristianismo : _bveinte siglos de historia |
| 260 |
_aBarcelona : _bFolio, _c1994. |
||
| 300 |
_a123 p. : _bil., mapas, gráfs., fot. _3Impreso |
||
| 490 | 0 | _aAtlas culturales del mundo | |
| 650 | 4 | _aANALISIS HISTORICO | |
| 650 | 4 | _aARTE | |
| 650 | 4 | _aATLAS | |
| 650 | 4 | _aCIVILIZACION | |
| 650 | 4 | _aCRISTIANISMO | |
| 650 | 4 | _aCRISTIANOS | |
| 650 | 4 | _aCULTURA | |
| 650 | 4 | _aEDAD MEDIA | |
| 650 | 4 | _aESTADO | |
| 650 | 4 | _aFACTORES CULTURALES | |
| 650 | 4 | _aGUERRA | |
| 650 | 4 | _aHISTORIA | |
| 650 | 4 | _aIGLESIA | |
| 650 | 4 | _aMATERIAL DE REFERENCIA | |
| 650 | 4 | _aPROTESTANTES | |
| 650 | 4 | _aPROTESTANTISMO | |
| 650 | 4 | _aRELIGION | |
| 650 | 4 | _aSOCIEDAD | |
| 651 | 4 | _aMundial | |
| 653 | _aCISMA | ||
| 653 | _aCRUZADAS | ||
| 653 | _aROMA | ||
| 700 | 1 | _aEvans, G. R. | |
| 905 | _a54385 | ||
| 942 | _cLSALA | ||
| 999 |
_c50112 _d50112 |
||